Introduction a la physique Aristotélicienne

Guardat en:
Dades bibliogràfiques
Autor principal: Mansion, Augustinus (autor)
Format: Llibre
Idioma:francès
Publicat: París Librairie Philosophique J. Vrin 1946
Col·lecció:Aristote Traductions et Etudes
Matèries:
Etiquetes: Afegir etiqueta
Sense etiquetes, Sigues el primer a etiquetar aquest registre!

MARC

LEADER 00000nam a2200000 a 4500
001 UCY6430
003 CL-VaPUC
008 950526e19460000FR |||||||||||||||||fre|d
082 0 4 |a 185  |b MAN  |2 21 
100 |a Mansion, Augustinus  |e autor  |9 338857 
245 1 0 |a Introduction a la physique Aristotélicienne 
300 |a 357 p 
942 |c BK 
945 |d 19950526 00:00:00  |a oaravena 
260 |a París  |b Librairie Philosophique J. Vrin  |c 1946 
600 0 |a Aristóteles,  |d 384 a.C.- 322 a.C.  |9 194 
650 0 |a Filosofía   |9 223554 
650 0 |a Filosofía antigua   |9 255705 
650 0 |a Física   |9 227844 
650 0 |a Filosofía del espíritu  |9 320175 
650 0 |a Matemática  |9 260235 
650 0 |a Naturaleza humana   |9 308593 
651 0 |a Grecia  |9 265314 
583 |a last modification  |c 19950526 00:00:00  |k Rodrigo Vera 
490 0 |a Aristote Traductions et Etudes 
999 |c 233995  |d 233993 
952 |0 0  |1 0  |4 0  |6 185_000000000000000_MAN_1946  |7 0  |8 P  |9 239909  |a BIBEDU  |b BIBEDU  |c BIBEDU_PB  |d 2019-11-18  |i 1509918  |o 185 MAN 1946  |p 1509918  |r 2024-01-25  |w 2019-11-18  |y BK  |k FIL 
952 |0 0  |1 0  |4 0  |6 185_000000000000000_MAN_1946  |7 0  |8 P  |9 239910  |a BIBEDU  |b BIBEDU  |c BIBEDU_PB  |d 2019-11-18  |i 1509926  |o 185 MAN 1946  |p 1509926  |r 2024-01-25  |w 2019-11-18  |y BK  |k FIL